| 000 | 01208nab a2200205 i 4500 | ||
|---|---|---|---|
| 001 | 768714001 | ||
| 003 | CO-MdFUSB | ||
| 005 | 20240506115538.0 | ||
| 008 | 240502t1966 sp ||||| |||| 00| 0 spa d | ||
| 040 |
_bspa _cCO-MdFUSB _dCO-MdFUSB |
||
| 041 | _aspa | ||
| 100 |
_aMüller, Alois, _eautor |
||
| 245 |
_aAutoridad y obediencia en la iglesia _c/ Alois Müller |
||
| 520 | _aEl cristiano, que debe priorizar la libertad personal y la misión, se enfrenta en la Iglesia a dos fuerzas opuestas: la autoridad de la verdad y la responsable de dirigir las acciones. La transición de la libertad natural y la responsabilidad personal a la acción en el mundo, entre las personas, pone a prueba simultáneamente la autoridad de la Iglesia. Por tanto, hay que tenerlo en cuenta a la hora de imaginar el cristianismo en el marco de la libertad y la responsabilidad. | ||
| 650 | 2 |
_aConciencia (Moral) _9927 |
|
| 650 | 7 |
_aAutoridad _xAspectos religiosos _xIglesia Católica _97165 |
|
| 773 | 0 |
_049450 _982573 _oR2505 _tRevista internacional de teología Concilium _w(CO-MdFUSB)8 _x0210-1041 _gNúmero 15, (mayo, 1966), páginas: 80 - 97 _qpágina: 80 |
|
| 942 | _cANA | ||
| 945 | _aCatherine Arias Álvarez practicante SENA | ||
| 999 |
_c69495 _d69495 |
||